Titres de films qui sont aussi titres de chansons françaises en images - Statistiques

Statistiques générales
  • Ce quiz a été pris 74 fois
  • Le résultat moyen est 6 sur 16
Statistiques - réponses
Par images Hint Réponse % Correct
Louis Bertignac (Téléphone) Cendrillon
100%
Christophe Aline
84%
2Be3 Partir un jour
61%
Gilbert Montagné On va s'aimer
58%
Renaud Marche à l'ombre
54%
Céline Dion - Jean-Jacques Goldman J'irai où tu iras
41%
Stromaë Alors on danse
38%
Herbert Léonard Pour le plaisir
30%
Jean-Louis Aubert Juste une illusion
28%
Alain Bashung Ma petite entreprise
26%
Serge Gainsbourg Élisa
23%
Zaz On ira
23%
Michel Delpech Quand j'étais chanteur
22%
Alain Souchon Sous les jupes des filles
13%
Julien Clerc Si on chantait
9%
Étienne Daho Le Premier Jour du reste de ta vie
7%
Aucun quiz correspondant
Distribution des résultats
% des personnes avec chaque résultat
Percentile par nombre de réponses
Votre historique - résultats
Vous n’avez pas pris ce quiz